[Event "SVM_Verbandsliga_Süd_2023-24"]
[Site "?"]
[Date "2023.09.03"]
[Round "1.6"]
[White "Höck, Sebastian"]
[Black "Bursch, Alexander"]
[Result "1/2-1/2"]
[WhiteElo "1701"]
[BlackElo "1635"]
[PlyCount "86"]
[EventDate "2023.09.03"]
[WhiteTeam "SC Siegburg 2"]
[BlackTeam "SV Hennef 1"]

1. c4 g6 2. g3 Bg7 3. Bg2 Nf6 4. Nc3 d6 5. e3 c5 6. Nge2 Nc6 7. O-O O-O 8. h3
Bd7 9. a3 Rb8 10. Rb1 Ne5 11. d3 Bc6 12. e4 b5 13. f4 Ned7 14. cxb5 Bxb5 15.
Nxb5 Rxb5 16. Bd2 Qb6 17. Bc3 Rb8 18. d4 cxd4 19. Bxd4 Qa6 20. Qd3 Nc5 21. Bxc5
dxc5 22. e5 Ne8 23. Nc3 Ra5 24. Rfd1 c4 25. Qd7 Qb6+ 26. Kh2 e6 27. Rd4 Qb3 28.
Qc6 Bf8 29. Rxc4 Qc2 30. Re1 Qd3 31. Be4 Rxb2+ 32. Bg2 Rxa3 33. Rd1 Rxg2+ 34.
Kxg2 Qc2+ 35. Kf1 Rxc3 36. Rxc3 Qxd1+ 37. Kf2 Ng7 38. g4 h5 39. Qf3 Qxf3+ 40.
Kxf3 hxg4+ 41. hxg4 a5 42. Rc8 a4 43. Ra8 a3 1/2-1/2

[Event "SVM_Verbandsliga_Süd_2023-24"]
[Site "?"]
[Date "2023.09.03"]
[Round "1.7"]
[White "Rieger, Isabelle"]
[Black "Schreiner, Julian"]
[Result "0-1"]
[WhiteElo "1628"]
[BlackElo "1470"]
[PlyCount "88"]
[EventDate "2023.09.03"]
[WhiteTeam "SV Hennef 1"]
[BlackTeam "SC Siegburg 2"]

1. d4 c6 2. c4 d6 3. Nc3 Qc7 4. e4 e5 5. Nf3 Nf6 6. Be2 Be7 7. O-O O-O 8. b3
Nbd7 9. Bb2 Re8 10. Qc2 Nf8 11. Rac1 Bg4 12. Rfd1 Ne6 13. dxe5 dxe5 14. Na4
Bxf3 15. Bxf3 Ng5 16. Qe2 Nxf3+ 17. Qxf3 Rad8 18. Qf5 Rxd1+ 19. Rxd1 Bf8 20.
Rd3 Qa5 21. Bc3 Bb4 22. Rg3 Qd8 23. h3 Bxc3 24. Nxc3 Re6 25. Qg5 g6 26. c5 Qd4
27. Qe3 Nd7 28. Na4 Qa1+ 29. Kh2 Qxa2 30. Qd3 Nf6 31. Rf3 Qa1 32. Qd8+ Kg7 33.
Qc7 b5 34. cxb6 axb6 35. Nxb6 Qa5 36. Qb7 Qb4 37. Qc7 Re7 38. Qd8 Nxe4 39. Nc4
Ng5 40. Re3 f5 41. Nd6 Ra7 42. Ne8+ Kh6 43. h4 Qf4+ 44. Kg1 Ra1+ 0-1

[Event "SVM_Verbandsliga_Süd_2023-24"]
[Site "?"]
[Date "2023.09.03"]
[Round "1.8"]
[White "Debertshäuser, Rolf"]
[Black "Abboud, Rabia"]
[Result "1/2-1/2"]
[WhiteElo "1391"]
[BlackElo "1650"]
[PlyCount "71"]
[EventDate "2023.09.03"]
[WhiteTeam "SC Siegburg 2"]
[BlackTeam "SV Hennef 1"]

1. Nf3 d5 2. d4 Nf6 3. g3 c6 4. Bg2 Bf5 5. O-O h6 6. c3 e6 7. e3 Nbd7 8. Nbd2
Bd6 9. Re1 Ne4 10. Nxe4 Bxe4 11. Nd2 Bxg2 12. Kxg2 Nf6 13. e4 dxe4 14. Nxe4
Nxe4 15. Rxe4 h5 16. h4 Be7 17. Bf4 Qd5 18. f3 g6 19. Qd2 O-O-O 20. Qe2 Rdg8
21. c4 Qd8 22. d5 g5 23. hxg5 Bxg5 24. dxe6 fxe6 25. Qf2 Bxf4 26. Rxf4 Qg5 27.
Re4 Rd8 28. Rae1 h4 29. Rxe6 hxg3 30. Qxg3 Rd2+ 31. R6e2 Rxe2+ 32. Rxe2 Qc1 33.
Qe1 Qg5+ 34. Qg3 Qc1 35. Qe1 Qg5+ 36. Qg3 1/2-1/2

[Event "SVM_Verbandsliga_Süd_2023-24"]
[Site "?"]
[Date "2023.09.03"]
[Round "1.1"]
[White "Nenner, Thomas"]
[Black "Bachem, Oliver"]
[Result "0-1"]
[WhiteElo "1975"]
[BlackElo "2101"]
[PlyCount "82"]
[EventDate "2023.09.03"]
[WhiteTeam "VdSF Stadtverw. Bonn 2"]
[BlackTeam "TTC GW Fritzdorf 1"]

1. d4 Nf6 2. c4 e6 3. Nf3 b6 4. g3 Bb7 5. Bg2 Be7 6. O-O O-O 7. d5 exd5 8. Nh4
Qc8 9. Nf5 Re8 10. cxd5 d6 11. e4 Bf8 12. Nc3 Nbd7 13. Qd4 Ne5 14. Bg5 Nfd7 15.
f4 Ng6 16. Rac1 a5 17. Rfe1 Ba6 18. Re3 h6 19. Bh4 Kh7 20. Rce1 Nc5 21. a3 Nxh4
22. Nxh4 g6 23. b4 Bg7 24. e5 axb4 25. axb4 Nd7 26. b5 Bb7 27. Bh3 Qd8 28. Qd1
dxe5 29. Nf3 f5 30. Nxe5 Nxe5 31. fxe5 Bf8 32. Kh1 Bc5 33. Rd3 Ra3 34. Bg2 Qa8
35. h4 Qa5 36. Qc2 Bb4 37. Ree3 Ra1+ 38. Kh2 Bc5 39. Re2 Bg1+ 40. Kh3 Qb4 41.
d6 Qg4# 0-1

[Event "SVM_Verbandsliga_Süd_2023-24"]
[Site "?"]
[Date "2023.09.03"]
[Round "1.2"]
[White "Begri, Robert"]
[Black "Falkenberg, Hendrik"]
[Result "1-0"]
[WhiteElo "2090"]
[BlackElo "1947"]
[PlyCount "95"]
[EventDate "2023.09.03"]
[WhiteTeam "TTC GW Fritzdorf 1"]
[BlackTeam "VdSF Stadtverw. Bonn 2"]

1. e4 c5 2. Nf3 d6 3. d4 cxd4 4. Qxd4 Nc6 5. Bb5 Bd7 6. Bxc6 Bxc6 7. Nc3 e5 8.
Qd3 h6 9. Be3 Nf6 10. h3 Qa5 11. Nd2 Be7 12. O-O-O O-O 13. g4 b5 14. Kb1 b4 15.
Nb3 Qc7 16. Nd5 Bxd5 17. exd5 a5 18. Rhg1 a4 19. Nd2 Rfc8 20. Rc1 Qa5 21. g5
hxg5 22. Bxg5 Qxd5 23. Bxf6 Qxd3 24. Rxg7+ Kf8 25. Bxe7+ Kxg7 26. cxd3 Rxc1+
27. Kxc1 d5 28. Bxb4 Rh8 29. Nf3 f6 30. h4 e4 31. Nd4 Kg6 32. h5+ Rxh5 33. dxe4
dxe4 34. Kd2 f5 35. Ne2 Rh2 36. Bc5 Kf6 37. Be3 Rh1 38. a3 Rh7 39. Nc3 Ke5 40.
Nxa4 f4 41. Bb6 Rh3 42. Nc3 Rd3+ 43. Ke2 Rd7 44. a4 f3+ 45. Ke1 Rh7 46. a5 Rh1+
47. Kd2 Ra1 48. b4 1-0

[Event "SVM_Verbandsliga_Süd_2023-24"]
[Site "?"]
[Date "2023.09.03"]
[Round "1.3"]
[White "Höfer, Severin Paul"]
[Black "Schade, Frederik"]
[Result "1/2-1/2"]
[WhiteElo "1931"]
[BlackElo "1767"]
[PlyCount "36"]
[EventDate "2023.09.03"]
[WhiteTeam "VdSF Stadtverw. Bonn 2"]
[BlackTeam "TTC GW Fritzdorf 1"]

1. Nf3 d5 2. e3 Nf6 3. c4 e6 4. Nc3 Be7 5. b3 O-O 6. Bb2 Nbd7 7. d4 b6 8. Bd3
Bb7 9. O-O Re8 10. Ne5 Nxe5 11. dxe5 Nd7 12. Ne2 Nc5 13. Bb1 dxc4 14. Qc2 Qd3
15. Qxc4 Qxc4 16. bxc4 Red8 17. Ba3 Ba6 18. Nd4 Bxc4 1/2-1/2

[Event "SVM_Verbandsliga_Süd_2023-24"]
[Site "?"]
[Date "2023.09.03"]
[Round "1.4"]
[White "Joos, Oliver"]
[Black "Mundorf, Andreas"]
[Result "1-0"]
[WhiteElo "1689"]
[BlackElo "1912"]
[PlyCount "45"]
[EventDate "2023.09.03"]
[WhiteTeam "TTC GW Fritzdorf 1"]
[BlackTeam "VdSF Stadtverw. Bonn 2"]

1. d4 Nf6 2. Nc3 g6 3. e4 d6 4. Bf4 Bg7 5. h3 c6 6. Bc4 b5 7. Bd3 b4 8. Nce2
Nbd7 9. Nf3 a5 10. Qd2 h6 11. a3 bxa3 12. Rxa3 c5 13. e5 dxe5 14. dxe5 Nh5 15.
e6 Nb6 16. Bb5+ Bd7 17. exd7+ Nxd7 18. Rd3 Nhf6 19. Ne5 Ra7 20. Nc6 Qb6 21.
Nxa7 Qxa7 22. Be5 Ne4 23. Rxd7 1-0

[Event "SVM_Verbandsliga_Süd_2023-24"]
[Site "?"]
[Date "2023.09.03"]
[Round "1.5"]
[White "Daniels, Klaus"]
[Black "Roos Nazario, Valentin"]
[Result "1-0"]
[WhiteElo "1905"]
[BlackElo "1622"]
[PlyCount "49"]
[EventDate "2023.09.03"]
[WhiteTeam "VdSF Stadtverw. Bonn 2"]
[BlackTeam "TTC GW Fritzdorf 1"]

1. e4 c5 2. c3 d6 3. d4 cxd4 4. cxd4 Nf6 5. Nc3 Nbd7 6. f4 e5 7. Nf3 Qc7 8. Bd3
exd4 9. Nxd4 Nb6 10. Be3 Bg4 11. Qb3 Bd7 12. Rc1 Bc6 13. Ndb5 Qd8 14. Nxa7 Nbd7
15. Nab5 Nc5 16. Bxc5 dxc5 17. Bc4 Qe7 18. e5 Rd8 19. O-O Ng4 20. Nd6+ Rxd6 21.
exd6 Qe3+ 22. Kh1 Nf2+ 23. Rxf2 Qxf2 24. Bxf7+ Kd8 25. Qb6+ 1-0

[Event "SVM_Verbandsliga_Süd_2023-24"]
[Site "?"]
[Date "2023.09.03"]
[Round "1.6"]
[White "Schade, Ulrich"]
[Black "Weber, Meikel"]
[Result "0-1"]
[WhiteElo "1767"]
[BlackElo "1871"]
[PlyCount "66"]
[EventDate "2023.09.03"]
[WhiteTeam "TTC GW Fritzdorf 1"]
[BlackTeam "VdSF Stadtverw. Bonn 2"]

1. d4 d5 2. c4 c6 3. cxd5 cxd5 4. Nc3 Nf6 5. Nf3 Nc6 6. Bf4 e6 7. e3 Be7 8. Be2
Nh5 9. Bg3 Nxg3 10. hxg3 h6 11. a3 b6 12. Qa4 Bd7 13. Qc2 Rc8 14. Ba6 Rb8 15.
O-O Bf6 16. Rfc1 O-O 17. Nd2 Bc8 18. Bd3 Bb7 19. Qd1 Rc8 20. Rc2 Qe7 21. Rac1
Rfd8 22. f4 Bxd4 23. exd4 Nxd4 24. Nf3 Nxc2 25. Bxc2 Ba6 26. Ne5 Qd6 27. Qh5
Qe7 28. g4 d4 29. g5 dxc3 30. gxh6 cxb2 31. h7+ Kh8 32. Qxf7 bxc1=Q+ 33. Kh2
Qh4# 0-1

[Event "SVM_Verbandsliga_Süd_2023-24"]
[Site "?"]
[Date "2023.09.03"]
[Round "1.7"]
[White "Moos, Gerd Anton Ferdinand"]
[Black "Schindler, Kosta"]
[Result "1-0"]
[WhiteElo "1854"]
[BlackElo "1598"]
[PlyCount "99"]
[EventDate "2023.09.03"]
[WhiteTeam "VdSF Stadtverw. Bonn 2"]
[BlackTeam "TTC GW Fritzdorf 1"]

1. d4 Nf6 2. c4 g6 3. Nc3 Bg7 4. e4 d6 5. Nf3 Bg4 6. Be2 O-O 7. h3 Bxf3 8. Bxf3
e5 9. Be3 Nbd7 10. Qd2 a5 11. dxe5 Nxe5 12. Be2 Re8 13. f4 Ned7 14. Bf3 Qe7 15.
Kf2 Rad8 16. Rhe1 Nc5 17. Bd4 Nh5 18. g3 Ne6 19. Be3 Nc5 20. Bd4 Ne6 21. Bxg7
Nhxg7 22. Nd5 Qf8 23. Nf6+ Kh8 24. Nxe8 Qxe8 25. Qxa5 b6 26. Qc3 c5 27. Rad1
Kg8 28. e5 Qa4 29. Rxd6 Rxd6 30. exd6 Nf5 31. Bd5 Ned4 32. d7 Qxd7 33. Qa3 Nc2
34. Qa8+ Kg7 35. Re5 Nd6 36. Bg2 h5 37. b3 Nd4 38. Qb8 b5 39. cxb5 N6xb5 40. a4
Nc7 41. Bf3 Nf5 42. Qa7 Qd2+ 43. Re2 Qd6 44. Qb7 Nd4 45. Re5 Nxf3 46. Qxf3 Ne6
47. Qd5 Qc7 48. Rxe6 fxe6 49. Qe5+ Qxe5 50. fxe5 1-0

[Event "SVM_Verbandsliga_Süd_2023-24"]
[Site "?"]
[Date "2023.09.03"]
[Round "1.8"]
[White "Mende, Lukas"]
[Black "Antonioli, Vladimir"]
[Result "1/2-1/2"]
[WhiteElo "1492"]
[BlackElo "1773"]
[PlyCount "47"]
[EventDate "2023.09.03"]
[WhiteTeam "TTC GW Fritzdorf 1"]
[BlackTeam "VdSF Stadtverw. Bonn 2"]

1. e4 d5 2. exd5 Qxd5 3. Nc3 Qa5 4. Nf3 c6 5. d4 Bf5 6. Bd2 Qc7 7. Bc4 e6 8.
Be3 Bd6 9. Qd2 Nf6 10. Bd3 Bxd3 11. Qxd3 Nbd7 12. h3 h6 13. Ne4 Nxe4 14. Qxe4
Nf6 15. Qd3 O-O-O 16. O-O-O Nd5 17. Bd2 Nf4 18. Qf1 Ng6 19. Qe2 Rhe8 20. g3 e5
21. dxe5 Nxe5 22. Nxe5 Bxe5 23. Be3 f5 24. Qf3 1/2-1/2

[Event "SVM_Verbandsliga_Süd_2023-24"]
[Site "?"]
[Date "2023.09.24"]
[Round "2.1"]
[White "Nenner, Thomas"]
[Black "Hemmann, Arnold"]
[Result "1-0"]
[WhiteElo "1975"]
[BlackElo "2049"]
[PlyCount "81"]
[EventDate "2023.09.24"]
[WhiteTeam "VdSF Stadtverw. Bonn 2"]
[BlackTeam "Rheinbacher SF 1"]

1. d4 Nf6 2. c4 e6 3. Nf3 Bb4+ 4. Nbd2 b6 5. g3 Bb7 6. Bg2 O-O 7. O-O a5 8. Qc2
d6 9. e4 Bxd2 10. Nxd2 e5 11. d5 Nbd7 12. b3 Qe7 13. a3 Bc8 14. Bb2 h5 15. h3
Nh7 16. b4 Re8 17. Bc3 a4 18. Rae1 h4 19. g4 Nhf8 20. f4 exf4 21. e5 Qd8 22. e6
Ne5 23. Bxe5 dxe5 24. Rxe5 fxe6 25. Qe4 Bb7 26. Qxf4 Qe7 27. Qe3 Rad8 28. Ne4
b5 29. Nc5 Bc8 30. cxb5 Ng6 31. Rg5 exd5 32. Qd2 Nf8 33. Bxd5+ Be6 34. Nxe6
Nxe6 35. Re5 Rd6 36. Rfe1 Qd7 37. Qa2 Kf7 38. Qf2+ Kg8 39. Qa2 Kf7 40. Qf2+ Ke7
41. Bxe6 1-0

[Event "SVM_Verbandsliga_Süd_2023-24"]
[Site "?"]
[Date "2023.09.24"]
[Round "2.2"]
[White "Gähler, Cornelius"]
[Black "Falkenberg, Hendrik"]
[Result "1/2-1/2"]
[WhiteElo "2067"]
[BlackElo "1947"]
[PlyCount "120"]
[EventDate "2023.09.24"]
[WhiteTeam "Rheinbacher SF 1"]
[BlackTeam "VdSF Stadtverw. Bonn 2"]

1. d4 d5 2. Bf4 Nf6 3. e3 c5 4. c3 Nc6 5. Nf3 Qb6 6. Qb3 c4 7. Qc2 Bf5 8. Qc1
e6 9. Nh4 Be7 10. Nxf5 exf5 11. Be2 O-O 12. O-O Rfc8 13. Nd2 Qd8 14. Qc2 g6 15.
Rae1 b5 16. h3 b4 17. f3 Nh5 18. Bh2 Bh4 19. Rd1 Qg5 20. f4 Qe7 21. Rf3 Qe6 22.
g3 Be7 23. Kg2 Nf6 24. Bg1 Rab8 25. Rff1 h5 26. Bf2 Rb7 27. Bf3 Qd7 28. Rb1
Rcb8 29. Rfc1 bxc3 30. bxc3 Ne4 31. Rxb7 Qxb7 32. Rb1 Qc8 33. Nxe4 fxe4 34. Bd1
Kg7 35. Be1 Rb7 36. Bd2 Bd6 37. Bc1 Ne7 38. Rxb7 Qxb7 39. g4 hxg4 40. hxg4 Qb5
41. Qb2 Qa5 42. Kf1 Nc8 43. a4 Nb6 44. Bd2 Qa6 45. Qb5 Qxb5 46. axb5 Kf6 47.
Be1 Ke7 48. g5 Kd7 49. Bg4+ Kc7 50. f5 Be7 51. f6 Bd6 52. Ke2 Nd7 53. Kd2 Nb8
54. Kc2 Kb6 55. Bc8 Kxb5 56. Bb7 Nc6 57. Kb2 Kb6 58. Ba8 Kc7 59. Bf2 Bh2 60.
Ka3 Kb6 1/2-1/2

[Event "SVM_Verbandsliga_Süd_2023-24"]
[Site "?"]
[Date "2023.09.24"]
[Round "2.3"]
[White "Höfer, Severin Paul"]
[Black "Schmitz, Uwe"]
[Result "1/2-1/2"]
[WhiteElo "1931"]
[BlackElo "1918"]
[PlyCount "47"]
[EventDate "2023.09.24"]
[WhiteTeam "VdSF Stadtverw. Bonn 2"]
[BlackTeam "Rheinbacher SF 1"]

1. c4 Nf6 2. Nf3 g6 3. Nc3 Bg7 4. e4 d6 5. d4 O-O 6. Be2 e5 7. O-O Nbd7 8. Be3
h6 9. h3 c6 10. d5 c5 11. Nh2 Qe7 12. Qd2 Kh7 13. a3 Nxe4 14. Nxe4 f5 15. f3
fxe4 16. fxe4 Nf6 17. Bf3 Bd7 18. b4 b6 19. bxc5 dxc5 20. Rfb1 Ne8 21. Bg4 Ba4
22. Bd1 Bd7 23. Bg4 Ba4 24. Bd1 1/2-1/2

[Event "SVM_Verbandsliga_Süd_2023-24"]
[Site "?"]
[Date "2023.09.24"]
[Round "2.4"]
[White "Schmerda, Ingo"]
[Black "Daniels, Klaus"]
[Result "1/2-1/2"]
[WhiteElo "1860"]
[BlackElo "1905"]
[PlyCount "50"]
[EventDate "2023.09.24"]
[WhiteTeam "Rheinbacher SF 1"]
[BlackTeam "VdSF Stadtverw. Bonn 2"]

1. d4 c5 2. d5 e5 3. c4 f5 4. g3 d6 5. Nc3 Nf6 6. Bg2 g6 7. Nh3 Bg7 8. O-O O-O
9. f3 Na6 10. Nf2 Bd7 11. e4 Qe8 12. Qe2 Nc7 13. a4 b6 14. Nb5 Bxb5 15. axb5
Nh5 16. Nd3 a5 17. bxa6 fxe4 18. fxe4 Rxf1+ 19. Bxf1 Rxa6 20. Rxa6 Nxa6 21. b3
Qa8 22. Qa2 Nc7 23. Qxa8+ Nxa8 24. b4 Nf6 25. Bg2 Kf7 1/2-1/2

[Event "SVM_Verbandsliga_Süd_2023-24"]
[Site "?"]
[Date "2023.09.24"]
[Round "2.5"]
[White "Weber, Meikel"]
[Black "Hemmann, Clemens"]
[Result "1/2-1/2"]
[WhiteElo "1871"]
[BlackElo "1828"]
[PlyCount "37"]
[EventDate "2023.09.24"]
[WhiteTeam "VdSF Stadtverw. Bonn 2"]
[BlackTeam "Rheinbacher SF 1"]

1. e4 c6 2. d4 d5 3. Nc3 dxe4 4. Nxe4 Bf5 5. Ng3 Bg6 6. Nh3 Nf6 7. Bc4 e6 8.
Nf4 Bd6 9. Bb3 Qc7 10. Qf3 e5 11. dxe5 Bxe5 12. Nd3 Bd6 13. Bd2 O-O 14. O-O c5
15. Bf4 Nc6 16. Bxd6 Qxd6 17. Qf4 Qxf4 18. Nxf4 Nd4 19. Nxg6 1/2-1/2

[Event "SVM_Verbandsliga_Süd_2023-24"]
[Site "?"]
[Date "2023.09.24"]
[Round "2.6"]
[White "Klos, Stephan"]
[Black "Moos, Gerd Anton Ferdinand"]
[Result "1-0"]
[WhiteElo "1812"]
[BlackElo "1854"]
[PlyCount "85"]
[EventDate "2023.09.24"]
[WhiteTeam "Rheinbacher SF 1"]
[BlackTeam "VdSF Stadtverw. Bonn 2"]

1. b4 e5 2. Bb2 Bxb4 3. Bxe5 Nf6 4. Nf3 O-O 5. e3 Nc6 6. Bb2 Re8 7. Be2 d5 8.
c4 Be6 9. cxd5 Nxd5 10. a3 Be7 11. O-O Bf6 12. d4 Bf5 13. Nbd2 Qe7 14. Re1 Bg6
15. Bb5 a6 16. Bxc6 bxc6 17. a4 c5 18. Ba3 Nb4 19. Bxb4 cxb4 20. Rc1 a5 21. Nb3
Bh5 22. Rc5 Bg4 23. h3 Bxf3 24. Qxf3 Qe6 25. Qd5 c6 26. Qxe6 Rxe6 27. Rec1 Bd8
28. Rxc6 Rxc6 29. Rxc6 Kf8 30. Kf1 Ke7 31. Ke2 Kd7 32. d5 Be7 33. Kd3 Ra7 34.
Kc4 Bd8 35. e4 g6 36. Nc5+ Ke8 37. d6 Ra8 38. Rc8 Ra7 39. Kb5 b3 40. Kc6 b2 41.
Rb8 Ra8 42. Rxb2 Rc8+ 43. Kd5 1-0

[Event "SVM_Verbandsliga_Süd_2023-24"]
[Site "?"]
[Date "2023.09.24"]
[Round "2.7"]
[White "Antonioli, Vladimir"]
[Black "Jonas, Rainer"]
[Result "1-0"]
[WhiteElo "1773"]
[BlackElo "1773"]
[PlyCount "57"]
[EventDate "2023.09.24"]
[WhiteTeam "VdSF Stadtverw. Bonn 2"]
[BlackTeam "Rheinbacher SF 1"]

1. e4 c6 2. d4 d5 3. exd5 cxd5 4. c4 Nf6 5. Nc3 e6 6. Nf3 Nc6 7. c5 a6 8. a3 b5
9. Bd3 Be7 10. O-O O-O 11. Bg5 Bb7 12. b4 Re8 13. Qb3 Ne4 14. Bxe7 Nxe7 15. a4
Nxc3 16. Qxc3 Bc6 17. axb5 Bxb5 18. Bxb5 axb5 19. Rxa8 Qxa8 20. Ra1 Qb7 21. Qa3
Nc6 22. Kf1 f6 23. Qa6 Qxa6 24. Rxa6 Nxb4 25. Rb6 e5 26. Rxb5 Nc2 27. dxe5 fxe5
28. c6 e4 29. c7 1-0

[Event "SVM_Verbandsliga_Süd_2023-24"]
[Site "?"]
[Date "2023.09.24"]
[Round "2.8"]
[White "Grömping, Franz-Josef"]
[Black "Zhong, Xianghui"]
[Result "1-0"]
[WhiteElo "1722"]
[BlackElo "1775"]
[PlyCount "43"]
[EventDate "2023.09.24"]
[WhiteTeam "Rheinbacher SF 1"]
[BlackTeam "VdSF Stadtverw. Bonn 2"]

1. e4 c5 2. Nf3 d6 3. d4 cxd4 4. c3 dxc3 5. Nxc3 Nf6 6. Bc4 Nc6 7. O-O e6 8.
Qe2 a6 9. Rd1 Qc7 10. Bf4 b5 11. Bb3 Bb7 12. Rac1 Be7 13. Nd5 exd5 14. exd5
Nxd5 15. Bxd5 Qd7 16. Bxc6 Bxc6 17. Ne5 dxe5 18. Rxd7 Bxd7 19. Qxe5 f6 20. Qd5
Rd8 21. Re1 Kf8 22. Bc7 1-0

[Event "SVM_Verbandsliga_Süd_2023-24"]
[Site "?"]
[Date "2023.09.24"]
[Round "2.1"]
[White "Bachem, Oliver"]
[Black "Weber, Jannis"]
[Result "0-1"]
[WhiteElo "2101"]
[BlackElo "2007"]
[PlyCount "84"]
[EventDate "2023.09.24"]
[WhiteTeam "TTC GW Fritzdorf 1"]
[BlackTeam "SV Hennef 1"]

1. e4 c5 2. Nf3 d6 3. d4 cxd4 4. Nxd4 Nf6 5. Nc3 a6 6. Be3 e5 7. Nb3 Be6 8. f3
Be7 9. Qd2 O-O 10. O-O-O a5 11. a4 Nc6 12. g4 Nb4 13. Qf2 Qb8 14. g5 Nh5 15. h4
Rc8 16. Kb1 d5 17. exd5 Rxc3 18. bxc3 Nxd5 19. Bd2 Qc7 20. c4 Nb4 21. Bxb4 axb4
22. a5 Rxa5 23. Nxa5 Qxa5 24. Qe3 Ng3 25. Rg1 Nxf1 26. Rgxf1 Bxc4 27. Rf2 Qa2+
28. Kc1 b3 29. Qxe5 Ba3+ 30. Kd2 Qxc2+ 31. Ke1 Bb4+ 32. Rfd2 h6 33. gxh6 gxh6
34. Kf2 Bxd2 35. Rg1+ Bg5+ 36. Kg3 b2 37. Qb8+ Kh7 38. Qxb7 Bf6 39. Re1 Qg6+
40. Kh2 Qc2+ 41. Kg3 Qg6+ 42. Kh2 Bd3 0-1

[Event "SVM_Verbandsliga_Süd_2023-24"]
[Site "?"]
[Date "2023.09.24"]
[Round "2.2"]
[White "Seidel, Martin"]
[Black "Begri, Robert"]
[Result "0-1"]
[WhiteElo "1850"]
[BlackElo "2090"]
[PlyCount "154"]
[EventDate "2023.09.24"]
[WhiteTeam "SV Hennef 1"]
[BlackTeam "TTC GW Fritzdorf 1"]

1. d4 Nf6 2. Bg5 Ne4 3. Bf4 d5 4. e3 c5 5. c3 Nc6 6. Nf3 Qb6 7. Qb3 c4 8. Qc2
Bf5 9. Qc1 h6 10. h3 g5 11. Bh2 h5 12. Nbd2 Bh6 13. b3 cxb3 14. axb3 Rc8 15.
Qb2 Nxc3 16. Rc1 Ne4 17. Be2 e6 18. Ne5 Bg7 19. Nxe4 Bxe4 20. O-O Rd8 21. Nxc6
bxc6 22. Qa3 Bf8 23. Qa4 Qb4 24. Qxc6+ Ke7 25. Bb5 Bg7 26. Bc7 Ra8 27. Qd7+ Kf6
28. Be5+ Kg6 29. Bd6 Qxb3 30. Rc7 Rhf8 31. Bxf8 Rxf8 32. Rxa7 g4 33. Kh2 Bh6
34. h4 Qb2 35. Rb7 Bxe3 36. Bd3 Bf4+ 37. Kg1 Qxd4 38. Bxe4+ Qxe4 39. g3 Be5 40.
Qe7 d4 41. Ra7 Bg7 42. Qg5+ Kh7 43. Qxh5+ Kg8 44. Qg5 Qf3 45. Re1 Rb8 46. Ra2
e5 47. h5 Kh7 48. h6 Bh8 49. Qh5 Rb6 50. Qh1 Qxh1+ 51. Kxh1 Kxh6 52. Kg2 Kg6
53. Kf1 f5 54. Rd1 e4 55. Rc2 d3 56. Rcc1 Kf7 57. Rb1 Ra6 58. Rb7+ Ke6 59. Rdb1
Bd4 60. R7b4 Rd6 61. Rb5 Rd8 62. Ra5 Rh8 63. Ra6+ Kd5 64. Rb5+ Kc4 65. Rxf5
Rh1+ 66. Kg2 d2 67. Ra4+ Kc3 68. Rxd4 Kxd4 69. Kxh1 d1=Q+ 70. Kg2 Qe2 71. Rf8
Kd3 72. Kg1 Kd2 73. Ra8 Qd1+ 74. Kg2 Qf3+ 75. Kg1 e3 76. Ra2+ Kc1 77. Kh2 Kb1
0-1

[Event "SVM_Verbandsliga_Süd_2023-24"]
[Site "?"]
[Date "2023.09.24"]
[Round "2.3"]
[White "Schade, Frederik"]
[Black "Schott, Guido"]
[Result "1/2-1/2"]
[WhiteElo "1767"]
[BlackElo "2123"]
[PlyCount "33"]
[EventDate "2023.09.24"]
[WhiteTeam "TTC GW Fritzdorf 1"]
[BlackTeam "SV Hennef 1"]

1. d4 d6 2. Nf3 Bg4 3. Bg5 c6 4. c3 Nd7 5. Nbd2 Ngf6 6. e3 h6 7. Bh4 g5 8. Bg3
Nh5 9. Bd3 Nxg3 10. fxg3 Bg7 11. O-O e6 12. Qc2 Qe7 13. Rae1 O-O-O 14. Qa4 Kb8
15. b4 Nb6 16. Qb3 h5 17. a4 1/2-1/2

[Event "SVM_Verbandsliga_Süd_2023-24"]
[Site "?"]
[Date "2023.09.24"]
[Round "2.4"]
[White "Neese, Hans-Joachim"]
[Black "Pritzkau, Christian"]
[Result "1-0"]
[WhiteElo "1994"]
[BlackElo "1639"]
[PlyCount "173"]
[EventDate "2023.09.24"]
[WhiteTeam "SV Hennef 1"]
[BlackTeam "TTC GW Fritzdorf 1"]

1. d4 d5 2. Nf3 Nf6 3. c4 e6 4. Nc3 Nbd7 5. Bf4 c6 6. e3 Nh5 7. Bg5 Be7 8. Bxe7
Qxe7 9. Nd2 Nhf6 10. f4 h5 11. Be2 Ng4 12. Bxg4 Qh4+ 13. g3 Qxg4 14. Qxg4 hxg4
15. e4 Nf6 16. e5 Nd7 17. O-O g6 18. b4 b6 19. a4 Bb7 20. cxd5 exd5 21. f5 gxf5
22. Rxf5 Ke7 23. Raf1 Raf8 24. R1f4 Rhg8 25. Nf1 f6 26. exf6+ Rxf6 27. Ne3 Rxf5
28. Nxf5+ Ke6 29. Nh6 Re8 30. Nxg4 Kd6 31. Kf2 a6 32. Nf6 Re7 33. Nxd7 Kxd7 34.
h4 a5 35. bxa5 bxa5 36. h5 Ba6 37. Rf3 Bc4 38. g4 Bb3 39. g5 Rh7 40. h6 Bc2 41.
Kg3 Bg6 42. Rf6 Bd3 43. Kh4 Re7 44. g6 Re1 45. h7 Bxg6 46. Rxg6 Rh1+ 47. Kg3
Rxh7 48. Rg8 Kc7 49. Kf3 Re7 50. Ra8 Kb6 51. Rb8+ Kc7 52. Rb1 Re8 53. Ne2 Re4
54. Rd1 Kd6 55. Rc1 Kc7 56. Rc3 Re7 57. Nf4 Kb6 58. Rb3+ Kc7 59. Re3 Rh7 60.
Ne6+ Kd6 61. Nc5 Rh3+ 62. Ke2 Rh2+ 63. Kd3 Ra2 64. Re6+ Kc7 65. Re7+ Kb8 66.
Rb7+ Kc8 67. Ra7 Ra3+ 68. Kc2 Ra2+ 69. Kc3 Ra3+ 70. Kb2 Rf3 71. Rxa5 Kb8 72.
Nb3 Rd3 73. Rc5 Kb7 74. Na5+ Kb6 75. Nxc6 Rxd4 76. Nxd4 Kxc5 77. Nb3+ Kb4 78.
a5 Kb5 79. Kc3 Ka6 80. Kd4 Kb5 81. Kxd5 Ka6 82. Kc6 Ka7 83. Nc5 Ka8 84. Kb6 Kb8
85. Ne6 Ka8 86. a6 Kb8 87. a7+ 1-0

[Event "SVM_Verbandsliga_Süd_2023-24"]
[Site "?"]
[Date "2023.09.24"]
[Round "2.5"]
[White "Joos, Oliver"]
[Black "Kuschel, Olaf"]
[Result "1-0"]
[WhiteElo "1689"]
[BlackElo "1732"]
[PlyCount "67"]
[EventDate "2023.09.24"]
[WhiteTeam "TTC GW Fritzdorf 1"]
[BlackTeam "SV Hennef 1"]

1. d4 d5 2. Nc3 Nf6 3. Bg5 e6 4. e4 dxe4 5. Nxe4 Be7 6. Bxf6 Bxf6 7. Nf3 Bd7 8.
c3 Bc6 9. Bd3 Bxe4 10. Bxe4 c6 11. Qc2 g6 12. h4 h5 13. O-O-O Nd7 14. Rde1 Qe7
15. Qb3 O-O-O 16. a4 Nb8 17. Qc4 Qd7 18. Rd1 Rhe8 19. d5 Qc7 20. dxc6 Nxc6 21.
Rxd8+ Nxd8 22. Qb5 Nc6 23. Rd1 Rd8 24. Rxd8+ Nxd8 25. g3 Nc6 26. Qc4 Kd7 27.
Ng5 Bxg5+ 28. hxg5 Qd6 29. f4 b6 30. Kc2 Qc5 31. Kd3 Kd6 32. Bxc6 Qxc6 33.
Qxc6+ Kxc6 34. b4 1-0

[Event "SVM_Verbandsliga_Süd_2023-24"]
[Site "?"]
[Date "2023.09.24"]
[Round "2.6"]
[White "Abboud, Rabia"]
[Black "Roos Nazario, Valentin"]
[Result "0-1"]
[WhiteElo "1650"]
[BlackElo "1622"]
[PlyCount "108"]
[EventDate "2023.09.24"]
[WhiteTeam "SV Hennef 1"]
[BlackTeam "TTC GW Fritzdorf 1"]

1. d4 Nf6 2. Bf4 g6 3. Nf3 Bg7 4. e3 d6 5. Bd3 O-O 6. h3 Nbd7 7. e4 Nh5 8. Bg5
h6 9. Be3 e5 10. c3 Nf4 11. Bf1 Re8 12. g3 Ne6 13. Bd3 c6 14. O-O Nb6 15. a4 a5
16. Kg2 Nd7 17. Nbd2 Qc7 18. Qc1 Kh7 19. Nb3 d5 20. exd5 cxd5 21. dxe5 Nxe5 22.
Nxe5 Qxe5 23. Re1 Qd6 24. f4 b6 25. f5 Nf8 26. fxg6+ fxg6 27. Bf4 Qd7 28. Rxe8
Qxe8 29. Qe3 Qd7 30. g4 Ne6 31. Bg3 d4 32. cxd4 Nxd4 33. Nxd4 Qxd4 34. Qxd4
Bxd4 35. Be4 Ra7 36. Rb1 Bb7 37. Bxb7 Rxb7 38. b4 axb4 39. Rxb4 Bc5 40. Re4 Kg7
41. Be5+ Kf7 42. Kf3 g5 43. Bd4 Rc7 44. Ke3 Rc6 45. Kd3 Bb4 46. Bb2 Bc5 47. Re5
Rf6 48. Kc4 Rf4+ 49. Kd5 Rxa4 50. Re6 Ra2 51. Rf6+ Ke7 52. Be5 Rd2+ 53. Ke4
Re2+ 54. Kf5 Rxe5+ 0-1